| 000 | 01073cam a22003377a 4500 | ||
|---|---|---|---|
| 003 | CHAP | ||
| 005 | 20220817042623.0 | ||
| 008 | 971013s1904 r 00010 d | ||
| 010 | _a50098 | ||
| 011 | _a51070 | ||
| 035 | _a55220 | ||
| 040 | _cCHAP | ||
| 082 |
_a333 _bP4 |
||
| 100 | 0 | 0 |
_aPhilippovich, Engen von. _987794 |
| 245 | 1 | 3 | _aLa politique agraire |
| 260 |
_aParis : _bV. Giard et E. Briere, _c1904 |
||
| 300 | _a343 p. | ||
| 490 | 0 | _aBibliotháeque internationale d'economie politique | |
| 590 |
_aBATCH-UPD _b10 _c20130110 _lUCH01 _h0542 |
||
| 590 |
_aBATCH-UPD _b10 _c20130410 _lUCH01 _h0223 |
||
| 590 |
_aBATCH-UPD _b10 _c20130914 _lUCH01 _h0625 |
||
| 590 |
_aBATCH-UPD _b10 _c20130914 _lUCH01 _h2133 |
||
| 590 |
_aCONVERSION _b10 _c20130109 _lUCH01 _h1327 |
||
| 650 | 1 | 4 |
_aAgricultura _xAspectos económicos. |
| 650 | 1 | 4 |
_aCrédito agrícola. _929022 |
| 650 | 1 | 4 |
_aTierras _xEconomía. _9113108 |
| 830 | 0 |
_aBibliotháeque internationale d'economie politique _912585 |
|
| 901 | _aBK | ||
| 942 | _cLIBRO | ||
| 949 |
_a333 P4 _bBC _cLIBRO _d-129024 _eLIBRO _i55220 _si |
||
| 999 |
_c50098 _d50098 |
||